[Event "15PCR_PF1"]
[Site "?"]
[Date "2004.??.??"]
[Round "?"]
[White "Houdek, Vladimir"]
[Black "Kratochvil, Vaclav"]
[Result "1/2-1/2"]
[WhiteElo "2185"]
[BlackElo "2222"]
[PlyCount "59"]
[EventDate "2004.??.??"]
[EventType "corr"]
[EventRounds "2"]
[SourceDate "2005.03.08"]

1. Nf3 Nf6 2. d4 d5 3. c4 e6 4. Nc3 Bb4 5. Bg5 dxc4 6. e4 c5 7. Bxc4 cxd4 8.
Nxd4 Bxc3+ 9. bxc3 Qa5 10. Bb5+ Nbd7 11. Bxf6 Qxc3+ 12. Kf1 gxf6 13. h4 a6 14.
Rh3 Qa5 15. Be2 Nc5 16. Nb3 Nxb3 17. Qxb3 Qc7 18. Rd1 Bd7 19. Qb2 O-O-O 20. Rc1
Bc6 21. Rb3 Rd6 22. Qxf6 Rg8 23. g3 Rgd8 24. a3 Kb8 25. Qc3 e5 26. Bxa6 Rd1+
27. Rxd1 Rxd1+ 28. Ke2 Rd4 29. f3 Bxe4 30. fxe4 1/2-1/2

[Event "15PCR_PF1"]
[Site "?"]
[Date "2004.??.??"]
[Round "?"]
[White "Cvak, Rudolf"]
[Black "Houdek, Vladimir"]
[Result "1-0"]
[WhiteElo "1920"]
[BlackElo "2185"]
[PlyCount "57"]
[EventDate "2004.??.??"]
[EventType "corr"]
[EventRounds "2"]
[SourceDate "2005.03.08"]

1. e4 c5 2. Nf3 e6 3. d4 cxd4 4. Nxd4 a6 5. Nc3 Qc7 6. f4 b5 7. a3 Bb7 8. Bd3
Nc6 9. Nb3 d6 10. O-O Nf6 11. Be3 Be7 12. Qf3 O-O 13. Qg3 Rac8 14. Rad1 b4 15.
axb4 Nxb4 16. f5 exf5 17. Rxf5 Kh8 18. Rdf1 Rg8 19. Bd4 Bc6 20. R5f2 Rce8 21.
Nd2 Qd7 22. Rf5 Bd8 23. Nc4 Re6 24. Nd5 a5 25. Qf3 Nxd3 26. cxd3 Bxd5 27. exd5
Ree8 28. Bxf6 gxf6 29. Rxf6 1-0

[Event "15PCR_PF1"]
[Site "?"]
[Date "2004.??.??"]
[Round "?"]
[White "Cvak, Rudolf"]
[Black "Brichacek, Milan"]
[Result "1-0"]
[WhiteElo "1920"]
[BlackElo "2048"]
[PlyCount "65"]
[EventDate "2004.??.??"]
[EventType "corr"]
[EventRounds "2"]
[SourceDate "2005.03.08"]

1. e4 d5 2. exd5 Nf6 3. c4 e6 4. dxe6 Bxe6 5. Nf3 Nc6 6. d4 Bb4+ 7. Nc3 Ne4 8.
Bd2 Nxd2 9. Qxd2 Bg4 10. Qe3+ Be7 11. d5 Nb4 12. O-O-O O-O 13. h3 Bh5 14. a3
Na6 15. Bd3 Bc5 16. Qe5 Bxf3 17. gxf3 Re8 18. Qf5 g6 19. Qg4 Bf8 20. h4 Bg7 21.
Kc2 Nc5 22. h5 Bxc3 23. hxg6 Bg7 24. gxf7+ Kxf7 25. Rh5 Qd7 26. Qf4+ Ke7 27.
Re1+ Kd8 28. Qg5+ Re7 29. Rxh7 Nxd3 30. Kxd3 Bf8 31. Qf6 Qe8 32. c5 Qb5+ 33.
Kd2 1-0

[Event "15PCR_PF1"]
[Site "?"]
[Date "2004.??.??"]
[Round "?"]
[White "Kratochvil, Vaclav"]
[Black "Houdek, Vladimir"]
[Result "1/2-1/2"]
[WhiteElo "2222"]
[BlackElo "2185"]
[PlyCount "60"]
[EventDate "2004.??.??"]
[EventType "corr"]
[EventRounds "2"]
[SourceDate "2005.03.08"]

1. e4 c5 2. Nf3 e6 3. d4 cxd4 4. Nxd4 a6 5. Bd3 Bc5 6. Nb3 Be7 7. Qg4 g6 8. Nc3
d6 9. O-O Nf6 10. Qe2 O-O 11. Be3 Nc6 12. Rad1 Bd7 13. f4 b5 14. a3 Rc8 15. Rd2
Qc7 16. Qf3 b4 17. axb4 Nxb4 18. Ra1 Nxd3 19. cxd3 Qb8 20. Nd4 e5 21. Nde2 Qb7
22. Kh1 Rfe8 23. fxe5 dxe5 24. Bg5 Rc6 25. h3 Rb6 26. Rf1 Bb5 27. Nxb5 axb5 28.
Nc3 Bd8 29. Rdd1 Rd6 30. Bxf6 Rxf6 1/2-1/2

[Event "15PCR_PF1"]
[Site "?"]
[Date "2004.??.??"]
[Round "?"]
[White "Houdek, Vladimir"]
[Black "Cvak, Rudolf"]
[Result "1/2-1/2"]
[WhiteElo "2185"]
[BlackElo "1920"]
[PlyCount "71"]
[EventDate "2004.??.??"]
[EventType "corr"]
[EventRounds "2"]
[SourceDate "2005.03.08"]

1. Nf3 Nf6 2. d4 e6 3. g3 d5 4. Bg2 c5 5. O-O Nc6 6. c4 dxc4 7. Na3 cxd4 8.
Nxc4 Bc5 9. a3 a5 10. Bf4 O-O 11. Rc1 Nd5 12. Nce5 Bb6 13. Qd3 Nxf4 14. gxf4
Nxe5 15. fxe5 f6 16. Rfd1 fxe5 17. Nxe5 Qf6 18. Qg3 a4 19. Rd3 Ra5 20. Rf3 Qe7
21. Rxf8+ Qxf8 22. Nd3 Bd7 23. Bxb7 Bd8 24. Bg2 Rf5 25. Ne5 Qe7 26. Kf1 Be8 27.
Rc8 Rf8 28. Bh3 Qf6 29. Bxe6+ Qxe6 30. Rxd8 Qb6 31. Qh4 Qxb2 32. Qxd4 Qc1+ 33.
Kg2 Qg5+ 34. Kh1 Qc1+ 35. Kg2 Qg5+ 36. Kh1 1/2-1/2

[Event "15PCR_PF1"]
[Site "?"]
[Date "2004.??.??"]
[Round "?"]
[White "Vinklarek, Vlastimil"]
[Black "Brichacek, Milan"]
[Result "1/2-1/2"]
[WhiteElo "2129"]
[BlackElo "2048"]
[PlyCount "62"]
[EventDate "2004.??.??"]
[EventType "corr"]
[EventRounds "2"]
[SourceDate "2005.03.08"]

1. e4 e6 2. d4 d5 3. Nd2 Nf6 4. e5 Nfd7 5. Bd3 c5 6. c3 Nc6 7. Ne2 cxd4 8. cxd4
f6 9. exf6 Nxf6 10. Nf3 Bd6 11. O-O O-O 12. Bf4 Bxf4 13. Nxf4 Ne4 14. Ne2 Ng5
15. Nxg5 Qxg5 16. Qb3 Rb8 17. Rad1 Bd7 18. Bc2 Qh5 19. Rfe1 Rf7 20. Rd3 Qh4 21.
Rf1 Rbf8 22. f3 b6 23. Rc1 e5 24. Qxd5 Nb4 25. Qb3 Nxd3 26. Bxd3 Kh8 27. dxe5
Re7 28. Qa3 Be6 29. g3 Qh5 30. Qxe7 Qxf3 31. Qxe6 Qf2+ 1/2-1/2

[Event "15PCR_PF1"]
[Site "?"]
[Date "2004.??.??"]
[Round "?"]
[White "Kratochvil, Vaclav"]
[Black "Brichacek, Milan"]
[Result "1/2-1/2"]
[WhiteElo "2222"]
[BlackElo "2048"]
[PlyCount "93"]
[EventDate "2004.??.??"]
[EventType "corr"]
[EventRounds "2"]
[SourceDate "2005.03.08"]

1. e4 e6 2. d4 d5 3. exd5 exd5 4. Bd3 Bd6 5. Nf3 Qe7+ 6. Qe2 Qxe2+ 7. Kxe2 Ne7
8. b3 O-O 9. Ba3 Bxa3 10. Nxa3 Ng6 11. Bxg6 fxg6 12. Nb5 Na6 13. Ne5 Be6 14.
Rhe1 c6 15. Nd6 Nb4 16. Rec1 Rab8 17. c4 dxc4 18. bxc4 Rfd8 19. c5 Bxa2 20. Rd1
b6 21. Nxc6 Nxc6 22. Rxa2 a5 23. f3 bxc5 24. dxc5 Kf8 25. Kf1 Rb4 26. Rda1 Ra8
27. Re1 a4 28. Kf2 g5 29. Re6 g4 30. fxg4 Rxg4 31. Rae2 Rf4+ 32. Kg3 g5 33. h4
Nd4 34. Re8+ Rxe8 35. Rxe8+ Kg7 36. hxg5 Rf1 37. Ra8 Nf5+ 38. Kg4 Nxd6 39. cxd6
Rd1 40. Rxa4 Rxd6 41. Kh5 Rd7 42. Ra6 Re7 43. g3 Rd7 44. Re6 Ra7 45. Re8 Rd7
46. Re3 Ra7 47. Rd3 1/2-1/2

[Event "15PCR_PF1"]
[Site "?"]
[Date "2004.??.??"]
[Round "?"]
[White "Houdek, Vladimir"]
[Black "Brichacek, Milan"]
[Result "0-1"]
[WhiteElo "2185"]
[BlackElo "2048"]
[PlyCount "72"]
[EventDate "2004.??.??"]
[EventType "corr"]
[EventRounds "2"]
[SourceDate "2005.03.08"]

1. Nf3 Nf6 2. d4 d5 3. c4 e6 4. Nc3 Be7 5. Bf4 O-O 6. e3 Nbd7 7. Qc2 c5 8. dxc5
Nxc5 9. Be2 dxc4 10. Bxc4 a6 11. Rd1 Qe8 12. b4 b5 13. bxc5 bxc4 14. Bd6 Bb7
15. Qe2 Rc8 16. O-O Bxd6 17. cxd6 Qc6 18. Qb2 Rfd8 19. Rd4 e5 20. Rd2 Ba8 21.
Rfd1 Qe8 22. Qa3 Bxf3 23. gxf3 Qc6 24. e4 Kh8 25. Qa5 Nd7 26. Rb2 Nc5 27. Rb6
Qd7 28. Kg2 f5 29. h3 Nd3 30. Ne2 fxe4 31. fxe4 Rf8 32. Rf1 Qd8 33. Rxa6 Qh4
34. f3 Rb8 35. Rb6 Qg5+ 36. Kh1 Ra8 0-1

[Event "15PCR_PF1"]
[Site "?"]
[Date "2004.??.??"]
[Round "?"]
[White "Brichacek, Milan"]
[Black "Slavik, Miroslav"]
[Result "1-0"]
[WhiteElo "2048"]
[BlackElo "2182"]
[PlyCount "99"]
[EventDate "2004.??.??"]
[EventType "corr"]
[EventRounds "2"]
[SourceDate "2005.03.08"]

1. e4 c6 2. d4 d5 3. exd5 cxd5 4. c3 Nc6 5. Nf3 Bg4 6. h3 Bxf3 7. Qxf3 e6 8.
Bd3 Nf6 9. O-O Bd6 10. Bg5 h6 11. Bh4 Qb6 12. Bxf6 Qxb2 13. Bxg7 Rg8 14. Na3
Qxa3 15. Bf6 Qxc3 16. Rab1 Rb8 17. Rfd1 Qa3 18. Rb3 Qxa2 19. Bh7 Rf8 20. Bg7
Qa4 21. Bxf8 Bxf8 22. Bg8 Nd8 23. Re1 Qd7 24. Ra1 Ra8 25. Bh7 Bg7 26. Bd3 Bxd4
27. Bb5 Nc6 28. Qg4 Bc5 29. Rc3 Bf8 30. Ra6 Rc8 31. Rxa7 Nxa7 32. Rxc8+ Nxc8
33. Qa4 Nb6 34. Bxd7+ Nxd7 35. Qa8+ Ke7 36. Qxb7 Bg7 37. g4 Ke8 38. f4 Nf6 39.
f5 Nd7 40. Qa8+ Ke7 41. Qa3+ Ke8 42. Kf2 Ne5 43. Qd6 Nc4 44. Qb8+ Ke7 45. Qc7+
Ke8 46. fxe6 Bd4+ 47. Ke2 fxe6 48. Qh7 Be3 49. h4 Bf4 50. g5 1-0

[Event "15PCR_PF1"]
[Site "?"]
[Date "2004.??.??"]
[Round "?"]
[White "Houdek, Vladimir"]
[Black "Pecina, Pavel"]
[Result "1/2-1/2"]
[WhiteElo "2185"]
[BlackElo "2253"]
[PlyCount "55"]
[EventDate "2004.??.??"]
[EventType "corr"]
[EventRounds "2"]
[SourceDate "2005.03.08"]

1. Nf3 d5 2. d4 Nf6 3. c4 e6 4. Nc3 c6 5. e3 Nbd7 6. Qc2 b6 7. b3 Bb7 8. Bd3
dxc4 9. bxc4 c5 10. O-O Bxf3 11. gxf3 cxd4 12. exd4 Bb4 13. Kh1 O-O 14. Rb1
Bxc3 15. Qxc3 Rc8 16. Rg1 Kh8 17. Bg5 Re8 18. Qa3 Qc7 19. Rbe1 Nh5 20. Re4 Qc6
21. Bf1 Nhf6 22. Rh4 a6 23. Qb3 Rb8 24. a4 e5 25. d5 Qc5 26. Qc2 Qd6 27. Bh3 g6
28. f4 1/2-1/2

[Event "15PCR_PF1"]
[Site "?"]
[Date "2004.??.??"]
[Round "?"]
[White "Pecina, Pavel"]
[Black "Houdek, Vladimir"]
[Result "1-0"]
[WhiteElo "2253"]
[BlackElo "2185"]
[PlyCount "51"]
[EventDate "2004.??.??"]
[EventType "corr"]
[EventRounds "2"]
[SourceDate "2005.03.08"]

1. e4 c5 2. f4 d5 3. exd5 Qxd5 4. Nc3 Qd8 5. Nf3 Nf6 6. Ne5 e6 7. b3 Nfd7 8.
Bb2 Nxe5 9. fxe5 Nc6 10. Bb5 Bd7 11. O-O Nd4 12. a4 Be7 13. Bd3 O-O 14. Qh5 g6
15. Qh3 Bc6 16. Nb5 Nf5 17. Bc3 a6 18. Na3 Nh4 19. Rf2 b6 20. Nc4 Nf5 21. Kh1
Qc7 22. Bxf5 exf5 23. Qh6 b5 24. Nd6 b4 25. Bb2 Rad8 26. Raf1 1-0

[Event "15PCR_PF1"]
[Site "?"]
[Date "2004.??.??"]
[Round "?"]
[White "Batka, Josef"]
[Black "Houdek, Vladimir"]
[Result "1-0"]
[WhiteElo "2251"]
[BlackElo "2185"]
[PlyCount "67"]
[EventDate "2004.??.??"]
[EventType "corr"]
[EventRounds "2"]
[SourceDate "2005.03.08"]

1. e4 c5 2. c3 Nf6 3. e5 Nd5 4. d4 cxd4 5. Nf3 Nc6 6. Bc4 Nb6 7. Bb3 d6 8. exd6
Qxd6 9. O-O Be6 10. Na3 Bxb3 11. Qxb3 e6 12. Nb5 Qd7 13. Nbxd4 Nxd4 14. Nxd4
Bc5 15. Be3 Rc8 16. Nb5 Bxe3 17. Rad1 Bd2 18. Nxa7 Rd8 19. Qxb6 O-O 20. Nb5 Qd5
21. Nd4 Bg5 22. Qb3 Bf6 23. Qxd5 Rxd5 24. Nf3 Rfd8 25. Rxd5 Rxd5 26. Re1 h5 27.
Kf1 g5 28. h3 Kg7 29. Re4 Rb5 30. Re2 g4 31. hxg4 hxg4 32. Ne1 Rb6 33. Nd3 Rd6
34. Rd2 1-0

[Event "15PCR_PF1"]
[Site "?"]
[Date "2004.??.??"]
[Round "?"]
[White "Houdek, Vladimir"]
[Black "Batka, Josef"]
[Result "0-1"]
[WhiteElo "2185"]
[BlackElo "2251"]
[PlyCount "62"]
[EventDate "2004.??.??"]
[EventType "corr"]
[EventRounds "2"]
[SourceDate "2005.03.08"]

1. Nf3 Nf6 2. d4 e6 3. c4 d5 4. Nc3 Bb4 5. Bg5 Nbd7 6. cxd5 exd5 7. Qc2 O-O 8.
e3 c5 9. Bd3 Qa5 10. O-O c4 11. Bf5 Re8 12. Nd2 g6 13. Bxd7 Nxd7 14. Rae1 Nb6
15. f3 Bd7 16. Bf4 Na4 17. Ndb1 Nxc3 18. Nxc3 Ba4 19. Qc1 Bc6 20. a3 Bxc3 21.
bxc3 f6 22. h4 Re6 23. Qb2 Rae8 24. Re2 Qd8 25. Rfe1 a5 26. a4 Qd7 27. Qb6 Ra8
28. Qc5 Bxa4 29. e4 Bc6 30. exd5 Rxe2 31. Rxe2 Qxd5 0-1

[Event "15PCR_PF1"]
[Site "?"]
[Date "2004.??.??"]
[Round "?"]
[White "Brichacek, Milan"]
[Black "Houdek, Vladimir"]
[Result "1/2-1/2"]
[WhiteElo "2048"]
[BlackElo "2185"]
[PlyCount "94"]
[EventDate "2004.??.??"]
[EventType "corr"]
[EventRounds "2"]
[SourceDate "2005.03.08"]

1. e4 c5 2. Nc3 Nc6 3. Nf3 e5 4. Bc4 Be7 5. O-O Nf6 6. Nd5 O-O 7. d3 d6 8. c3
Be6 9. Nxf6+ Bxf6 10. Be3 a6 11. a4 h6 12. Bxe6 fxe6 13. Nd2 Qe7 14. Qg4 Kh7
15. Nf3 Qf7 16. Nd2 Rad8 17. Qh3 Qe7 18. Nf3 d5 19. Rfc1 Na5 20. Bxc5 Qxc5 21.
b4 Qc6 22. bxa5 dxe4 23. dxe4 Qxe4 24. Qxe6 Rfe8 25. Qb6 Qd5 26. Re1 e4 27. Nd4
Rd6 28. Qb1 Rd7 29. Qb4 Bxd4 30. cxd4 Qxd4 31. Qb1 Qc4 32. Qb2 Ree7 33. Qa3 Re5
34. Qe3 Rd4 35. Rab1 Re7 36. Ra1 Red7 37. Qf4 Qd5 38. h3 Qf7 39. Qg3 Qf5 40.
Qc3 Rd2 41. Qe3 R7d3 42. Qxe4 Rxf2 43. Qxf5+ Rxf5 44. Re7 Rg5 45. Kh1 Rd2 46.
Rxb7 Rgxg2 47. Ra7 Rh2+ 1/2-1/2

[Event "15PCR_PF1"]
[Site "?"]
[Date "2004.??.??"]
[Round "?"]
[White "Slavik, Miroslav"]
[Black "Cvak, Rudolf"]
[Result "0-1"]
[WhiteElo "2182"]
[BlackElo "1920"]
[PlyCount "78"]
[EventDate "2004.??.??"]
[EventType "corr"]
[EventRounds "2"]
[SourceDate "2005.03.08"]

1. d4 Nf6 2. c4 e6 3. Nc3 d5 4. Bg5 Be7 5. e3 O-O 6. Rc1 Nbd7 7. Nf3 h6 8. Bh4
dxc4 9. Bxc4 a6 10. O-O b5 11. Be2 Bb7 12. a3 c5 13. dxc5 Nxc5 14. b4 Nce4 15.
Nxe4 Nxe4 16. Qxd8 Bxd8 17. Bxd8 Rfxd8 18. Rc7 Bd5 19. Ne5 Nd6 20. Rfc1 a5 21.
Rd1 axb4 22. axb4 Rdc8 23. Rd7 Nc4 24. Bxc4 bxc4 25. Rxf7 c3 26. Rc1 Ra4 27. f3
Rxb4 28. Ra7 c2 29. Raa1 Bb3 30. Ng6 Rb7 31. Kf2 Rd8 32. e4 Rbd7 33. Nf4 Rd2+
34. Kg3 g5 35. Nh3 Rd1 36. Ng1 R8d2 37. e5 Kf8 38. h4 gxh4+ 39. Kh3 Rf2 0-1

[Event "15PCR_PF1"]
[Site "?"]
[Date "2004.??.??"]
[Round "?"]
[White "Pecina, Pavel"]
[Black "Slavik, Miroslav"]
[Result "1-0"]
[WhiteElo "2253"]
[BlackElo "2182"]
[PlyCount "59"]
[EventDate "2004.??.??"]
[EventType "corr"]
[EventRounds "2"]
[SourceDate "2005.03.08"]

1. e4 c6 2. d4 d5 3. e5 Bf5 4. Nc3 e6 5. g4 Bg6 6. Nge2 c5 7. h4 cxd4 8. Qxd4
h5 9. Nf4 Bxc2 10. Bb5+ Nc6 11. Nxh5 Bg6 12. Qa4 Qc7 13. Nf4 Nge7 14. Be3 a6
15. Bxc6+ Nxc6 16. Nxg6 fxg6 17. O-O-O O-O-O 18. Kb1 Be7 19. f4 Bxh4 20. Ne2
Qd7 21. Nd4 Nxe5 22. Qc2+ Nc6 23. Nxc6 bxc6 24. Rd3 Bf6 25. Rc1 Qb7 26. Rb3 Qa8
27. g5 Be7 28. Qxg6 Rd6 29. f5 Rf8 30. Qxg7 1-0

[Event "15PCR_PF1"]
[Site "?"]
[Date "2004.??.??"]
[Round "?"]
[White "Slavik, Miroslav"]
[Black "Kratochvil, Vaclav"]
[Result "0-1"]
[WhiteElo "2182"]
[BlackElo "2222"]
[PlyCount "100"]
[EventDate "2004.??.??"]
[EventType "corr"]
[EventRounds "2"]
[SourceDate "2005.03.08"]

1. d4 d5 2. Nf3 Nf6 3. e3 e6 4. Bd3 c5 5. c3 Nbd7 6. Nbd2 Bd6 7. O-O O-O 8. Re1
Qc7 9. e4 cxd4 10. cxd4 dxe4 11. Nxe4 Nd5 12. Nxd6 Qxd6 13. Qe2 N7f6 14. Qe5
Rd8 15. Bg5 h6 16. Bh4 b6 17. Be4 Qf8 18. Rac1 Bb7 19. Bxf6 gxf6 20. Qg3+ Qg7
21. Qxg7+ Kxg7 22. a3 Rac8 23. h4 Rxc1 24. Rxc1 Nf4 25. Re1 Ba6 26. g3 Ne2+ 27.
Kg2 Nxd4 28. b4 Nb5 29. Re3 Nd6 30. Bd3 Bb7 31. Kh3 f5 32. Be2 Ne4 33. Kg2 Kf6
34. Kg1 Rg8 35. Kf1 Rc8 36. Bd3 Nc3 37. Ne1 e5 38. Be2 e4 39. f3 Nd5 40. Rb3
Rc1 41. a4 Nc3 42. f4 Bd5 43. Ra3 a5 44. bxa5 bxa5 45. Kf2 Ke6 46. Ng2 Rc2 47.
Rxc3 Rxc3 48. Ne3 Bc6 49. g4 Bxa4 50. Nxf5 Bc2 0-1

[Event "15PCR_PF1"]
[Site "?"]
[Date "2004.??.??"]
[Round "?"]
[White "Brichacek, Milan"]
[Black "Vinklarek, Vlastimil"]
[Result "1-0"]
[WhiteElo "2048"]
[BlackElo "2129"]
[PlyCount "61"]
[EventDate "2004.??.??"]
[EventType "corr"]
[EventRounds "2"]
[SourceDate "2005.03.08"]

1. e4 c6 2. d4 d5 3. exd5 cxd5 4. c3 e6 5. Nf3 Nc6 6. Bd3 Bd6 7. O-O Nge7 8.
Re1 O-O 9. Ng5 g6 10. Nf3 f6 11. Bh6 Rf7 12. Nbd2 e5 13. dxe5 fxe5 14. c4 e4
15. cxd5 exd3 16. dxc6 bxc6 17. Ne4 Bc7 18. Qb3 Nd5 19. Qxd3 Rb8 20. Neg5 Rf6
21. b3 Bf5 22. Qa6 Bb6 23. Re2 Rd6 24. Qc4 Ba5 25. Ne5 Qc7 26. Rc1 Re8 27. Nxc6
Rxe2 28. Qxe2 Ne3 29. Qxe3 Qxc6 30. h3 Qd7 31. Qe5 1-0

[Event "15PCR_PF1"]
[Site "?"]
[Date "2004.??.??"]
[Round "?"]
[White "Houdek, Vladimir"]
[Black "Slavik, Miroslav"]
[Result "1/2-1/2"]
[WhiteElo "2185"]
[BlackElo "2182"]
[PlyCount "91"]
[EventDate "2004.??.??"]
[EventType "corr"]
[EventRounds "2"]
[SourceDate "2005.03.08"]

1. Nf3 g6 2. d4 Nf6 3. c4 Bg7 4. g3 O-O 5. Bg2 d6 6. O-O Nbd7 7. Nc3 e5 8. e4
c6 9. h3 Re8 10. Re1 exd4 11. Nxd4 Qb6 12. Nc2 Qa5 13. Bd2 Qc7 14. b3 Nh5 15.
g4 Nf4 16. Bxf4 Bxc3 17. Bxd6 Qd8 18. Re2 Bxa1 19. Qxa1 Nf8 20. Rd2 Ne6 21. Qc3
Qh4 22. Bg3 Qg5 23. Ne3 Rd8 24. f4 Qe7 25. f5 Rxd2 26. Qxd2 Ng7 27. Qc3 Ne8 28.
h4 g5 29. h5 b6 30. e5 Bb7 31. f6 Qd7 32. Nf5 Rd8 33. Be1 Nc7 34. Nd6 Ba8 35.
Bf3 c5 36. Qe3 Ne6 37. Bxa8 Rxa8 38. Qe4 Rb8 39. Bd2 a6 40. a4 Rd8 41. Kh2 Qc7
42. Be3 Rxd6 43. exd6 Qxd6+ 44. Kg2 Qd8 45. Qe5 h6 46. Kf2 1/2-1/2

[Event "15PCR_PF1"]
[Site "?"]
[Date "2004.??.??"]
[Round "?"]
[White "Cvak, Rudolf"]
[Black "Slavik, Miroslav"]
[Result "1/2-1/2"]
[WhiteElo "1920"]
[BlackElo "2182"]
[PlyCount "100"]
[EventDate "2004.??.??"]
[EventType "corr"]
[EventRounds "2"]
[SourceDate "2005.03.08"]

1. e4 c5 2. Nf3 Nc6 3. d4 cxd4 4. Nxd4 g6 5. c4 Bg7 6. Be3 Nf6 7. Nc3 O-O 8.
Be2 d6 9. O-O Bd7 10. Qd2 a6 11. f3 Re8 12. Rac1 Rc8 13. Nxc6 Bxc6 14. b4 b6
15. Bd4 Bb7 16. Rfd1 Nh5 17. Nd5 Bxd4+ 18. Qxd4 Rc6 19. Qe3 e6 20. Nc3 e5 21.
g3 Ng7 22. b5 axb5 23. cxb5 Rc8 24. Na4 Rxc1 25. Rxc1 Ne6 26. Qxb6 Qa8 27. Nc3
Qa3 28. Rf1 Ba8 29. Qe3 Nd4 30. Rf2 Rc8 31. Nd5 Qc1+ 32. Qxc1 Rxc1+ 33. Kg2
Bxd5 34. exd5 Nf5 35. Bd3 Ne3+ 36. Kh3 Nxd5 37. Rc2 Ra1 38. b6 Nxb6 39. Rc6 Na4
40. Bc4 Rd1 41. Rc8+ Kg7 42. Rc7 d5 43. Bb5 Nb2 44. Be8 Rd2 45. Bxf7 Kf6 46.
Rd7 Nd3 47. Bxd5 h5 48. Rf7+ Kg5 49. Be6 Nf2+ 50. Kg2 Nd3+ 1/2-1/2

[Event "15PCR_PF1"]
[Site "?"]
[Date "2004.??.??"]
[Round "?"]
[White "Brichacek, Milan"]
[Black "Kratochvil, Vaclav"]
[Result "0-1"]
[WhiteElo "2048"]
[BlackElo "2222"]
[PlyCount "90"]
[EventDate "2004.??.??"]
[EventType "corr"]
[EventRounds "2"]
[SourceDate "2005.03.08"]

1. e4 c5 2. Nc3 Nc6 3. Nf3 e6 4. Bb5 Nge7 5. d4 cxd4 6. Nxd4 Nxd4 7. Qxd4 a6 8.
Bd3 Nc6 9. Qe3 Qc7 10. O-O b5 11. Qg5 b4 12. Bf4 d6 13. Nd1 Bb7 14. Rc1 h5 15.
Be3 Qe7 16. Qf4 h4 17. c3 h3 18. g4 Ne5 19. Bc2 Bc6 20. f3 Bb5 21. Rf2 bxc3 22.
Nxc3 g5 23. Qg3 Bg7 24. Nxb5 axb5 25. b3 Ng6 26. Kh1 Nf4 27. Qg1 O-O 28. a4 Ng2
29. Bb6 Rfb8 30. Rff1 Ra6 31. Bd4 Nf4 32. Bd1 Be5 33. Be3 bxa4 34. bxa4 Qb7 35.
Rc4 Qa8 36. Bxf4 Bxf4 37. Qd4 Rc6 38. Rc2 Rxc2 39. Bxc2 Qa5 40. Rd1 e5 41. Qc4
Rb2 42. Qc8+ Kg7 43. Kg1 Qb4 44. Kf1 Qa3 45. Rd3 Qa2 0-1

[Event "15PCR_PF1"]
[Site "?"]
[Date "2004.??.??"]
[Round "?"]
[White "Batka, Josef"]
[Black "Brichacek, Milan"]
[Result "1-0"]
[WhiteElo "2251"]
[BlackElo "2048"]
[PlyCount "77"]
[EventDate "2004.??.??"]
[EventType "corr"]
[EventRounds "2"]
[SourceDate "2005.03.08"]

1. e4 e6 2. d4 d5 3. e5 c5 4. c3 Nc6 5. Nf3 Qb6 6. a3 c4 7. Nbd2 Na5 8. g3 Bd7
9. h4 Be7 10. Bh3 h6 11. O-O Bd8 12. h5 Ne7 13. Nh4 Bc7 14. Rb1 O-O-O 15. a4
Rde8 16. Qf3 g5 17. Ng2 Rh7 18. b4 cxb3 19. Ba3 Bxa4 20. Ne3 Kb8 21. Rfc1 Ng8
22. Bc5 Qc6 23. c4 dxc4 24. Qe2 c3 25. Rxc3 Qd7 26. Bg2 f6 27. Nxb3 Nxb3 28.
Rcxb3 Bxb3 29. Rxb3 Bb6 30. Bd6+ Kc8 31. Nc4 Kd8 32. Rxb6 axb6 33. Nxb6 Qc7 34.
Bxc7+ Rxc7 35. Qd3 Ne7 36. d5 Rc1+ 37. Kh2 Nxd5 38. Bxd5 exd5 39. Qxd5+ 1-0

[Event "15PCR_PF1"]
[Site "?"]
[Date "2004.??.??"]
[Round "?"]
[White "Slavik, Miroslav"]
[Black "Houdek, Vladimir"]
[Result "0-1"]
[WhiteElo "2182"]
[BlackElo "2185"]
[PlyCount "106"]
[EventDate "2004.??.??"]
[EventType "corr"]
[EventRounds "2"]
[SourceDate "2005.03.08"]

1. d4 d5 2. Nf3 Nf6 3. c4 dxc4 4. Qa4+ c6 5. Qxc4 Bf5 6. Nc3 e6 7. Qb3 Qb6 8.
Qxb6 axb6 9. Nh4 Bc2 10. Bf4 h6 11. Rc1 Bh7 12. Nf3 b5 13. Bxb8 Rxb8 14. e3 Ra8
15. a3 b4 16. axb4 Bxb4 17. Bc4 b5 18. Bb3 Ne4 19. O-O Bxc3 20. bxc3 Ke7 21. c4
Ra3 22. Bd1 b4 23. Rb1 c5 24. dxc5 Ng3 25. Rxb4 Nxf1 26. Kxf1 Rc8 27. Ne5 Be4
28. Bf3 Rxc5 29. Bxe4 Rxe5 30. Bb1 Rea5 31. Rb7+ Kf6 32. Ke2 R5a4 33. Bd3 Ra2+
34. Ke1 Ra1+ 35. Ke2 R4a2+ 36. Kf3 Rd1 37. Bb1 Rad2 38. Kg3 Rc1 39. Rb4 g5 40.
Be4 Ke5 41. Bb7 Rdc2 42. Ba6 Rf1 43. f4+ Kf6 44. Bb7 Rc3 45. Bf3 Rxe3 46. c5
Rc1 47. Kf2 Ra3 48. fxg5+ hxg5 49. h4 gxh4 50. Rxh4 Rxc5 51. Rf4+ Ke7 52. Rb4
Rc2+ 53. Kg3 f5 0-1

[Event "15PCR_PF1"]
[Site "?"]
[Date "2004.??.??"]
[Round "?"]
[White "Cvak, Rudolf"]
[Black "Kratochvil, Vaclav"]
[Result "1-0"]
[WhiteElo "1920"]
[BlackElo "2222"]
[PlyCount "123"]
[EventDate "2004.??.??"]
[EventType "corr"]
[EventRounds "2"]
[SourceDate "2005.03.08"]

1. e4 c5 2. Nf3 Nc6 3. d4 cxd4 4. Nxd4 g6 5. c4 Bg7 6. Be3 Nf6 7. Nc3 Ng4 8.
Qxg4 Nxd4 9. Qd1 Ne6 10. Rc1 Qa5 11. Bd3 b6 12. O-O Bb7 13. f4 O-O 14. Bb1 d6
15. f5 Nc7 16. Qe2 Rab8 17. Kh1 Ba6 18. Bd3 Bb7 19. Bf4 Qc5 20. b3 Qd4 21. Nd5
Nxd5 22. exd5 Rbe8 23. Rce1 Bc8 24. Rf3 Bd7 25. Bg5 Bf6 26. Bh6 Bg7 27. Bxg7
Kxg7 28. Rd1 g5 29. Re3 a6 30. a3 Qf6 31. Rf1 Rg8 32. Qg4 b5 33. b4 bxc4 34.
Bxc4 Bb5 35. Bxb5 axb5 36. Qe2 Rb8 37. Rxe7 Rgc8 38. h3 Rc3 39. Re3 Rc4 40. Re8
Rb7 41. Kh2 Rc3 42. h4 Rbc7 43. Qg4 R7c4 44. Qxg5+ Qxg5 45. hxg5 Rc8 46. Rxc8
Rxc8 47. Kg3 Rc4 48. Rh1 Rd4 49. Kf3 Rxd5 50. Kg4 Rd4+ 51. Kh5 f6 52. Re1 fxg5
53. g4 Rd3 54. Kxg5 h6+ 55. Kh4 Rxa3 56. Re7+ Kf8 57. Re6 Kg7 58. Rg6+ Kh7 59.
Rxd6 Rf3 60. Rd7+ Kg8 61. Rb7 Rf4 62. Kh5 1-0

[Event "15PCR_PF1"]
[Site "?"]
[Date "2004.??.??"]
[Round "?"]
[White "Brichacek, Milan"]
[Black "Batka, Josef"]
[Result "1/2-1/2"]
[WhiteElo "2048"]
[BlackElo "2251"]
[PlyCount "101"]
[EventDate "2004.??.??"]
[EventType "corr"]
[EventRounds "2"]
[SourceDate "2005.03.08"]

1. e4 c5 2. Nc3 Nc6 3. Nf3 Nf6 4. Bb5 g6 5. h3 Nd4 6. e5 Nxb5 7. Nxb5 Nd5 8.
O-O a6 9. Nc3 Nxc3 10. dxc3 d5 11. exd6 Qxd6 12. Qxd6 exd6 13. Re1+ Be6 14. Bg5
h6 15. Bf6 Rg8 16. Nd2 g5 17. c4 Kd7 18. Rad1 Rg6 19. Ne4 Kc6 20. b3 b5 21. Bb2
bxc4 22. Ng3 cxb3 23. axb3 d5 24. Ra1 Bd6 25. Ra4 Bd7 26. Rea1 Kb6 27. R4a2 f5
28. Rd1 f4 29. Nh5 Bc6 30. Ng7 Bf8 31. Nf5 Re8 32. c4 Rge6 33. Raa1 Re2 34. Bf6
dxc4 35. bxc4 Ka7 36. Bc3 Rc2 37. Nd6 Re6 38. Nc8+ Kb7 39. Ba5 Rxc4 40. Rd8 Re8
41. Nd6+ Bxd6 42. Rxd6 Rh8 43. Re1 Rh7 44. Ree6 Rc1+ 45. Kh2 Bb5 46. Rb6+ Ka8
47. Rxh6 Rxh6 48. Rxh6 Rc2 49. Kg1 c4 50. Rg6 Ra2 51. Bc3 1/2-1/2

[Event "15PCR_PF1"]
[Site "?"]
[Date "2004.??.??"]
[Round "?"]
[White "Batka, Josef"]
[Black "Cvak, Rudolf"]
[Result "1-0"]
[WhiteElo "2251"]
[BlackElo "1920"]
[PlyCount "85"]
[EventDate "2004.??.??"]
[EventType "corr"]
[EventRounds "2"]
[SourceDate "2005.03.08"]

1. e4 e6 2. d4 d5 3. e5 c5 4. c3 Nc6 5. Nf3 Qb6 6. a3 c4 7. Nbd2 Bd7 8. Be2 Na5
9. O-O Ne7 10. Rb1 Ng6 11. Re1 Be7 12. g3 Qc7 13. h4 Bc6 14. h5 Nf8 15. Bf1 Nd7
16. Bh3 Nb6 17. Qe2 Ba4 18. Nf1 h6 19. Ne3 Nb3 20. Nd2 Nxc1 21. Rexc1 Rg8 22.
Kh2 Qc6 23. f4 g6 24. hxg6 fxg6 25. b3 cxb3 26. c4 b2 27. Rc3 Bb5 28. Rxb2 Ba6
29. Rbc2 Na4 30. Rd3 Rd8 31. cxd5 Qb5 32. Ndc4 exd5 33. Nd6+ Bxd6 34. Nc4 Kf8
35. exd6 Qe8 36. Re3 Bxc4 37. Rxc4 dxc4 38. Re7 Rg7 39. Qe5 Qxe7 40. dxe7+ Rxe7
41. Qf6+ Ke8 42. Qh8+ Kf7 43. Qxd8 1-0